000 00885pam a2200277 i 4500
001 018483727
003 Uk
005 20230405120918.0
008 230405s2017 enka b |0|1 0|eng
020 _a9781859466391
_qpaperback :
041 _aeng
082 0 4 _a343.4107869
100 1 0 _aLupton, Sarah,
_eauthor.
245 1 0 _aGuide to JCT intermediate building contract 2016 /
_cSarah Lupton.
264 1 _aNewcastle upon Tyne :
_bRIBA Publishing,
_c[2017]
300 _aix, 161 pages :
_billustrations (black and white) ;
_c25 cm
336 _atext
_2rdacontent
337 _aunmediated
_2rdamedia
338 _avolume
_2rdacarrier
500 _aFormerly CIP.
504 _aIncludes bibliographical references and index.
650 0 _aConstruction contracts
_zGreat Britain.
651 _aUnited Kingdom
942 _n0
999 _c121460
_d121460